| 000 | 00408nam a22001457a 4500 | ||
|---|---|---|---|
| 020 | _a9290493429 | ||
| 050 |
_aHB 615 _b.M28 2002 |
||
| 100 | _aManu George | ||
| 245 |
_aKnow about business Entrepreneurship Education in Vocational _band Technical Training |
||
| 260 |
_aItaly: _bInternational Training Centre (ILO), _c2002. |
||
| 300 | _a43p. | ||
| 650 | _xbusiness | ||
| 700 | _aNelson,Robert | ||
| 942 | _cGEN | ||
| 999 |
_c3363 _d3363 |
||